00934cas a2200217 a 4500001001000000003000900010005001700019008004100036040002800077043000900105245004600114260002800160310001200188362004100200500006300241650007200304650007200376942001500448952023600463999001700699000031409DO-SdBNP20240902094808.0760620u1913uuuudr x p f0 b0spa  aDO-SdBNPcspabDO-SdBNP anwdr00aRevista medico-farmacéutica dominicana. aSanto Domingo :,c1913. aMensual0 aaño 1.no.1y2(enero/febrero, 1913-) aDirectores: Fernando A. Defilló, J.G. Obregón García 4aMedicinazRepública DominicanavPUBLICACIONES PERIÓDICAS957828 4aFarmaciazRepública DominicanavPUBLICACIONES PERIÓDICAS957829 2ddccISSUE 00103No se presta718SEaPDbPDcREd2011-06-21hAño.1:no.1 y 2 (1913:ene./feb.)i191301011913010520110621l0o1 y 2p31409-1;2-1r2020-08-08w2020-08-08yISSUEzPerteneció a la biblioteca personal de Carlos Larrazabal Blanco c30901d30901